000 00316nam a2200133Ia 4500
008 191201s2012 xx 000 0 und d
100 _aARORA, Anurag
245 0 _aMicrocontrollers and Embedded Systems
250 _a1st
260 _aN. Delhi
_bUDH
_c2012
300 _a384
650 _aB.Tech(ECE)
942 _2ddc
_cBK
999 _c112
_d112